Major problems in the history of the vietnam war : (Record no. 14680)
[ view plain ]
| 000 -LEADER | |
|---|---|
| fixed length control field | 01206nam a2200265 a 4500 |
| 001 - CONTROL NUMBER | |
| control field | ASIN0618749373 |
| 005 - DATE AND TIME OF LATEST TRANSACTION | |
| control field | 20170105102902.0 |
| 008 - FIXED-LENGTH DATA ELEMENTS--GENERAL INFORMATION | |
| fixed length control field | 131011s2007 xxu eng d |
| 020 ## - INTERNATIONAL STANDARD BOOK NUMBER | |
| International Standard Book Number | 0618749373 (paperback) |
| Terms of availability | $117.95 |
| 020 ## - INTERNATIONAL STANDARD BOOK NUMBER | |
| International Standard Book Number | 9780618749379 (paperback) |
| 040 ## - CATALOGING SOURCE | |
| Original cataloging agency | 0 |
| 050 04 - LIBRARY OF CONGRESS CALL NUMBER | |
| Classification number | DS557.7 |
| 082 04 - DEWEY DECIMAL CLASSIFICATION NUMBER | |
| Classification number | 959.7043 |
| 100 1# - MAIN ENTRY--PERSONAL NAME | |
| Personal name | McMahon, Robert. |
| 245 10 - TITLE STATEMENT | |
| Title | Major problems in the history of the vietnam war : |
| Remainder of title | documents and essays / |
| Statement of responsibility, etc. | Robert McMahon. |
| 250 ## - EDITION STATEMENT | |
| Edition statement | 4th ed. |
| 260 ## - PUBLICATION, DISTRIBUTION, ETC. | |
| Place of publication, distribution, etc. | [S.l.] : |
| Name of publisher, distributor, etc. | Cengage Learning, |
| Date of publication, distribution, etc. | 2007. |
| 300 ## - PHYSICAL DESCRIPTION | |
| Extent | 568 p. ; |
| Dimensions | 24 cm. |
| 490 1# - SERIES STATEMENT | |
| Series statement | Major problems in american history (wadsworth) |
| 520 ## - SUMMARY, ETC. | |
| Summary, etc. | Designed to encourage critical thinking about history, the Major Problems in American History series introduces students to both primary sources and analytical essays on important topics in U.S. history. Major Problems in the History of the Vietnam War incorporates new research expands its coverage of the experiences of average soldiers. |
| 650 #0 - SUBJECT ADDED ENTRY--TOPICAL TERM | |
| Topical term or geographic name entry element | Vietnam War (1961-1975) |
| 830 #0 - SERIES ADDED ENTRY--UNIFORM TITLE | |
| Uniform title | Major problems in american history (wadsworth) |
| 856 40 - ELECTRONIC LOCATION AND ACCESS | |
| Materials specified | Amazon.com |
| Uniform Resource Identifier | <a href="http://www.amazon.com/exec/obidos/ASIN/0618749373/chopaconline-20">http://www.amazon.com/exec/obidos/ASIN/0618749373/chopaconline-20</a> |
| 942 ## - ADDED ENTRY ELEMENTS (KOHA) | |
| Source of classification or shelving scheme | |
| Koha item type | Book |
| Withdrawn status | Lost status | Damaged status | Not for loan | Collection code | Permanent Location | Current Location | Shelving location | Date acquired | Total Checkouts | Full call number | Barcode | Date last seen | Price effective from | Koha item type |
|---|---|---|---|---|---|---|---|---|---|---|---|---|---|---|
| Centre for International Peace & Stability (CIPS) | Centre for International Peace & Stability (CIPS) | General Stacks | 09/13/2013 | 959.7043 MAJ 2008 | CIPS0000870 | 10/11/2013 | 10/11/2013 | Book |
